Las sementeres en el impuesto a las ganancias (Registro nro. 15441)

Detalles MARC
000 -LEADER
fixed length control field 00321 a2200109 4500
001 - CONTROL NUMBER
control field ART_18901
005 - DATE AND TIME OF LATEST TRANSACTION
control field 20260410161704.0
008 - FIXED-LENGTH DATA ELEMENTS--GENERAL INFORMATION
fixed length control field 260409a
100 1# - MAIN ENTRY--PERSONAL NAME
Personal name Colaneri, Horacio A.
245 10 - TITLE STATEMENT
Title Las sementeres en el impuesto a las ganancias
773 0# - HOST ITEM ENTRY
Title Revista Impuestos
Related parts - Nº 3 (feb. 2010)
Record control number REV639

No hay ítems disponibles.